Bahai Cause Today (Record no. 1129)

MARC details
000 -LEADER
fixed length control field 00352nam a2200157 a 4500
082 00 - DEWEY DECIMAL CLASSIFICATION NUMBER
Classification number 297.93
Author Cutter MIL
100 ## - MAIN ENTRY--AUTHOR NAME
Author name Miller, W M
245 ## - TITLE STATEMENT
Title Bahai Cause Today
260 ## - PUBLICATION, DISTRIBUTION, ETC. (IMPRINT)
Place of publication New York
Name of publisher Muslim World
Year of publication 1940
300 ## - PHYSICAL DESCRIPTION
Number of Pages 26p
500 ## - GENERAL NOTE
General note includes index and biblioraphy
505 2# - FORMATTED CONTENTS NOTE
Formatted contents note index
650 ## - SUBJECT ADDED ENTRY--TOPICAL TERM
Topical Term Bahai Faith
942 ## - ADDED ENTRY ELEMENTS (KOHA)
Koha item type Books
700 1# -
-- Miller, W M
Holdings
Home library Current library Date acquired Cost, normal purchase price Full call number Accession Number Koha item type
Henry Martyn Institute Library Henry Martyn Institute Library 07/02/2007 100.00 297.93 MIL 01269 E-Books
                   Copyright © 2026 | Henry Martyn Institute | Hyderabad | TS-500052 | INDIA | Implemented by hmi.edu.in
Hit-Count:

Powered by Koha